| 000 | 02405nam a2200313 i 4500 | ||
|---|---|---|---|
| 001 | 180903 | ||
| 003 | ES-MaACL | ||
| 005 | 20250415063104.0 | ||
| 008 | 120821s2008 sp |||| |aspa d | ||
| 020 | _a978-84-7360-312-6 | ||
| 080 | _a929 Arrojo, Carmen | ||
| 080 | _a94(460)"1936/39"(093.3) | ||
| 100 | 1 |
_aArrojo Maroto, Carmen, _9151332 _d1918-2017 _eaut |
|
| 245 | 1 | 3 |
_aLo que no se debe perder : _bmemorias de una republicana / _cCarmen Arrojo ; [prólogo de Almudena Grandes]. |
| 260 |
_aMadrid : _bTébar, _c2008. |
||
| 300 |
_a246 p. ; _c22 cm. |
||
| 490 | 1 | _aLetras del sur | |
| 490 | 1 | _aMemoria de la Segunda República | |
| 520 | _aEn términos narrativos, pero también sentimentales, esta es la mejor historia que hemos tenido nunca. Si todavía alguien lo dudara, el fascinante argumento de este libro bastaría para demostrarlo. Carmen, una adolescente madrileña menuda e inexperta, llena de ideas sobre su vida y la de los demás, buena estudiante dispuesta a estudiar medicina, sintió el peso de la Historia con mayúscula y fue capaz de propulsarse desde la inicial minúscula de su destino hasta ponerse a su altura. Sabemos que no fue fácil, pero nadie lo adivinaría en la sencilla naturalidad que desprende su relato.Era lo que había que hacer y lo hice. Este lema, común al espíritu de miles y miles de republicanos españoles, preside el tono del libro, en el que, sin alardear nunca de ello, Carmen encarna el sentido de su propio apellido, Arrojo. El momento de las dudas había pasado y el del miedo insuperable no llegaría jamás. Con otros miedos se aprende a convivir, y la disciplina, la abnegación, la voluntad de ser útil eran otros nombres de valor mientras la indiferencia y el desconcierto hacían tanto daño como el enemigo. Pero Carmen Arrojo, menuda e inexperta como parecía, nunca perdió el sentido crítico, la capacidad de opinar por si misma y de disentir de los criterios ajenos. | ||
| 600 | 1 | 4 |
_aArrojo, Carmen. _9240031 |
| 651 | 4 |
_aEspaña- _xHistoria- _y1936-1939, Guerra civil- _vRelatos personales. _98326 |
|
| 700 | 1 |
_aGrandes, Almudena, _d1960-2021 _959600 |
|
| 830 | 1 |
_aLetras del sur _9224656 |
|
| 830 | 1 |
_aMemoria de la Segunda República _9223847 |
|
| 852 | 4 |
_aES-MaACL _jA-12185 _9187782 _bR.148354 _cDEPO1 _dOlim: N-5190 |
|
| 942 |
_2udc _cMONOGRAFIA |
||
| 999 |
_c180903 _d180903 |
||